000 00287nam a2200097Ia 4500
008 240331s9999 xx 000 0 und d
082 _bUND
100 _aWERC. ed
245 0 _aUnderstanding CEDAW :
_bThe Convention on the Elimination of all forms of Discrimination against women
942 _cL
999 _c1502
_d1502